Nick Kroll Filmography - Statistics

General Stats
  • This quiz has been taken 30 times
    12 since last reset
  • The average score is 8 of 165
Answer Stats
Type Year Name % Correct
Web Series 2017-2025 Big Mouth
40%
TV Show 2006 Cheap Seats: Without Ron Parker
40%
Film 2010 Get Him to the Greek
40%
TV Show 2006 Invisible City
40%
TV Show 2004 Jump Cuts
40%
Film 2016 Sausage Party
40%
TV Show 2005 The Widower
40%
TV Show 2004 Things I Hate About You
40%
TV Show 1998 Upright Citizens Brigade
40%
Film 2008 Adventures of Power
20%
Film 2008 Capers
20%
Film 2017 Captain Underpants: The First Epic Movie
20%
TV Show 2007-2008 Cavemen
20%
Film 2010 Date Night
20%
Film 2010 Dinner for Schmucks
20%
TV Show 2007 Human Giant
20%
Film 2024 I Don't Understand You
20%
Film 2009 I Love You, Man
20%
Film 2010 Little Fockers
20%
TV Film 2017 Oh, Hello on Broadway
20%
Film 2016 Sing
20%
Film 2021 Sing 2
20%
Short Film 2024 Sing: Thriller
20%
Film 2019 The Addams Family
20%
Film 2021 The Addams Family 2
20%
TV Show 2009-2015 The League
20%
TV Show 2015 The Simpsons
20%
Film 2018 Uncle Drew
20%
TV Show 2019, 2020, 2022 What We Do in the Shadows
20%
Award Show 2017 32nd Independent Spirit Awards
0%
Award Show 2018 33rd Independent Spirit Awards
0%
Film 2014 A Better You
0%
Film 2014 Adult Beginners
0%
Director 2025 Adults
0%
Film 2011 A Good Old Fashioned Orgy
0%
Theater 2025 All In: Comedy About Love
0%
TV Show 2011-2012 American Dad!
0%
TV Show 2016 Animals.
0%
TV Show 2017 At Home with Amy Sedaris
0%
TV Show 2008 Atom TV
0%
Web Series 2018 Bad Jokes
0%
Web Series 2016 Bajillion Dollar Propertie$
0%
TV Show 2006-2008 Best Week Ever with Paul F. Tompkins
0%
Web Series 2009-2010 Bobby Bottleservice
0%
Short Film 2010 Bobby Bottleservice Gets Serious
0%
TV Show 2017, 2021 Bob's Burgers
0%
Commercial 2022 Bonobos
0%
Documentary Series 2013 Brody Stevens: Enjoy It!
0%
TV Show 2015 Brooklyn Nine-Nine
0%
TV Show 2013 Burning Love
0%
Web Series 2022 Bust Down
0%
Director 2004 Cavalcade of Personalities
0%
TV Show 2008-2011 Childrens Hospital
0%
TV Show 2012, 2013, 2015, 2016 Comedy Bang! Bang!
0%
Podcast 2009-2023 Comedy Bang Bang: The Podcast
0%
TV Special 2013 Comedy Central Roast of James Franco
0%
TV Show 2011 Community
0%
TV Show 2019, 2020 Crank Yankers
0%
TV Show 2010 Cubed
0%
TV Show 2020 Curb Your Enthusiasm
0%
Short Film 2014 DeAndre Jordan's Amazing Charles Barkley Impression
0%
Short Film 2011 Dear Woman
0%
Web Series 2021 Dickinson
0%
Web Series 2024 Dinner Time Live with David Chang
0%
Film 2022 Don't Worry Darling
0%
Documentary 2015 Doped: The Dirty Side of Sports
0%
Web Series 2019 Dressing Funny
0%
TV Show 2014 Drunk History
0%
Short Film 2017 Dumpster Diving
0%
Short Film 2011 Ed Hardy Boyz 2: The Case of When That Hot Filipina Girl Lost Her Tramp Stamp at Mini-Golf
0%
Short Film 2010 Ed Hardy Boyz: The Case of the Missing Sick Belt Buckle
0%
Documentary Series 2018 Explained
0%
Web Mini-Series 2023 Extrapolations
0%
Short Film 2010 Fabrice Fabrice Interviews Steve Carrell
0%
TV Show 2013 Family Guy
0%
Short Film 2012 Fifty Shades of Blue
0%
Short Film 2012 First Look: Ultimate Teaser Trailer
0%
Film 2023 First Time Female Director
0%
Short Film 2022 For Gunter's Eyes Only
0%
Director 2004-2005 Gameface
0%
Film 2026 GOAT
0%
TV Show 2016 Great Minds with Dan Harmon
0%
Short Film 2017 Gunter Babysits
0%
Documentary 2020 Have a Good Trip: Adventures in Psychedelics
0%
Film 2010 Held Up
0%
TV Show 2020 High Maintenance
0%
Web Mini-Series 2023 History of the World: Part II
0%
Web Mini-Series 2020 Home Movie: The Princess Bride
0%
Web Series 2025 Hot Ones Versus
0%
Film 2021 How It Ends
0%
Web Series 2022-2023 Human Resources
0%
TV Show 2008 I Love the '30s
0%
TV Show 2017 I'm Sorry
0%
Web Mini-Series 2020 James and the Giant Peach with Taika and Friends
0%
Web Mini-Series 2024 John Mulaney Presents: Everybody's in LA
0%
TV Show 2010 John Oliver's New York Stand-Up Show
0%
Film 2016 Joshy
0%
Film 2015 Knight of Cups
0%
TV Show 2024 Krapopolis
0%
TV Show 2013-2015 Kroll Show
0%
TV Show 2024 Last Week Tonight with John Oliver
0%
Short Film 2010 Lez Chat
0%
Short Film 2008 Lincoln Navigator
0%
Film 2016 Loving
0%
TV Show 2009 Mayne Street
0%
TV Short 2016 Mr. Neighbor's House
0%
Web Series 2024 Mr. Throwback
0%
TV Show 2014 Mulaney
0%
Film 2016 My Blind Brother
0%
TV Show 2013 New Girl
0%
Stand-Up Special 2022 Nick Kroll: Little Big Boy
0%
Stand-Up Special 2011 Nick Kroll: Thank You Very Cool
0%
TV Mini-Series 2009 Nick's Big Show
0%
TV Show 2010 Nick Swardson's Pretend Time
0%
Theater 2016-2017 Oh, Hello on Broadway
0%
Film 2019 Olympic Dreams
0%
Film 2018 Operation Finale
0%
Web Series 2022 Our Flag Means Death
0%
TV Mini-Series 2021 Pandemica
0%
TV Show 2011, 2013, 2014, 2015 Parks and Recreation
0%
Podcast 2022 Past My Bedtime
0%
TV Show 2011, 2018 Portlandia
0%
Short Film 2014 Real Estate - Crime
0%
Film 2024 Red One
0%
TV Show 2012 Reggie Makes Music
0%
TV Show 2009 Reno 911!
0%
Short Film 2009 Rich Dicks
0%
Web Series 2022 Roar
0%
Film TBA Roommates
0%
TV Mini-Series 2006 Samurai Love God
0%
Music Video 2013 Scare Me
0%
TV Show 2009 Sit Down, Shut Up
0%
TV Short 2008 Small Town News
0%
Film 2025 Smurfs
0%
Short Film 2010 Successful Alcoholics
0%
TV Show 2015 SuperMansion
0%
Web Series 2011 The Back Room
0%
TV Show 2010 The Benson Interruption
0%
Film 2022 The Bob's Burgers Movie
0%
TV Show 2019 The Burger Show
0%
TV Show 2009 The CollegeHumor Show
0%
TV Show 2024 The Franchise
0%
TV Show 2015 The Grace Helbig Show
0%
TV Special 2013 The Greatest Event in Television History
0%
Film 2017 The House
0%
TV Show 2013 The Jeselnik Offensive
0%
TV Show 2008-2012 The Life & Times of Tim
0%
Short Film 2014 The Live Read of Space Jam with Blake Griffin
0%
TV Show 2014 The Meltdown with Jonah and Kumail
0%
Short Film 2008 The Negotiating Table
0%
TV Show 2008 The Oh, Hello Show
0%
Film 2019 The Secret Life of Pets 2
0%
TV Show 2013, 2014, 2015 The Soup
0%
Short Film 2013 The Thanksgivukkah Movie Trailer
0%
Short Film 2010 Tight
0%
TV Show 2013 Timms Valley
0%
TV Show 2007, 2016, 2017 UCB Comedy Originals
0%
Web Series 2015 Unbreakable Kimmy Schmidt
0%
Film 2015 Vacation
0%
Short Film 2008 What Blows Up Must Come Down!
0%
TV Show 2024 Who Wants to Be a Millionaire
0%
TV Show 2009, 2010 WordGirl
0%
TV Show 2008-2009 Worst Week
0%
Podcast 2009 WTF with Marc Maron
0%
TV Film 2016 Zoolander: Super Model
0%
No matching quizzes found
Score Distribution
Percent of People with Each Score
Percentile by Number Answered
Your Score History
You have not taken this quiz since the last reset